000 00614nam a2200229Ia 4500
008 100315s9999 xx 000 0 und d
040 _cENGLISH 
082 _b8767 
_a658 
100 _a"Drucker, Peter F "
245 _aThe Practice of Management
260 _aBOMBAY 
_bALLIED  
_c1978 
300 _a404 
365 _eRupees 
_d
_b0.00 
366 _f
505 _gVaibhav Gaikwad 
530 _bDonated By RBI Library  
620 _a"Management, "
630 _aThe Practice of Management
650 _aMANAGEMENT 
730 _aThe Practice of Management
942 _cBOOK
999 _c483502
_d483499